000 00646nam a2200193 a 4500
001 000017936
005 20200929165303.0
008 100407s1983 dr 000 0 spa d
040 _aDO-SdBNP
_bspa
_cBNPHU
082 _axxx
_bM425i
100 1 _aMateo Vásquez, Eddy
_97726
245 1 0 _aIndependentistas y restauradores de Neiba /
_cEddy Mateo Vásquez.
260 _aSanto Domingo :
_bAlfa y Omega,
_c1983.
300 _a82 p. ;
_c22 cm.
500 _aIncluye notas al pie de las páginas
500 _aIncluye datos biográficos del autor en la contracubierta
504 _aIncluye referencias bibliográficas ( p. 79-80)
049 _aBNPD
999 _c17460
_d17460